Komentár k novelizácii zákona o účtovníctve

Komentár k zmeneným ustanoveniam novelizovaného zákona č. 563/1991 Zb. o účtovníctve, ktorý nadobúda účinnosť 1. januára 2000.

Enregistré dans:
Détails bibliographiques
Auteur principal: Laszová, Viera
Format: Chapitre de livre
Langue:slovaque
Sujets:
Tags: Ajouter un tag
Pas de tags, Soyez le premier à ajouter un tag!

MARC

LEADER 00000naa a2200000 4500
001 r037196
005 20230926082525.5
041 0 |a slo 
044 |a SK 
245 1 0 |a Komentár k novelizácii zákona o účtovníctve  |c Viera Laszová 
520 |a Komentár k zmeneným ustanoveniam novelizovaného zákona č. 563/1991 Zb. o účtovníctve, ktorý nadobúda účinnosť 1. januára 2000. 
610 2 0 |a účtovníctvo 
610 2 0 |a zákony 
610 2 0 |a novelizácia 
610 2 0 |a komentáre 
610 2 0 |a úpravy právne 
610 2 0 |a Slovensko 
610 2 0 |a január 
610 2 0 |a 2000 
100 1 |a Laszová, Viera